000 00401nam a2200181Ia 4500
005 20240823040215.0
008 240823s9999||||xx |||||||||||||| ||und||
041 _aENGLISH
082 _A992 N2
100 _aNanda H P
245 4 _aThe Days of My Years
250 _a1st
260 _c1992
_b"Penguin,New Delhi"
500 _aYES
650 _aStory
_bGeneral
942 _cBK
999 _c202543
_d202543